000 00287nam a2200121 i 4500
001 bg
245 0 _aPrace naukowo-badawcze Instytutu Maszyn Matematycznych.
260 _aWarszawa,
_c1982.
040 _cBPK
041 _apol
942 _cKS
008 s pl f |000 0 pol
999 _c22296
_d22296
856 _uhttp://koha.tu.koszalin.pl/cgi-bin/koha/opac-detail.pl?biblionumber=22296
_yKatalog online BPK